XIX [i.e. Décimo noveno] Seminario Nacional de Derecho Internacional Privado y Comparado /
Uloženo v:
| Korporativní autor: | |
|---|---|
| Další autoři: | , |
| Médium: | Konferenční příspěvek Kniha |
| Jazyk: | španělština |
| Vydáno: |
Guanajuato, México :
Universidad de Guanajuato, Facultad de Derecho,
1998, c1998
|
| Témata: | |
| Tagy: |
Žádné tagy, Buďte první, kdo vytvoří štítek k tomuto záznamu!
|
MARC
| LEADER | 00000nam^a2200000^a^4500 | ||
|---|---|---|---|
| 001 | 000113364 | ||
| 005 | 20250521000000.0 | ||
| 009 | 20260310093941.434 | ||
| 020 | |a 968-864-077-8 | ||
| 037 | |a Acervo ITESO - Biblioteca | ||
| 041 | |a ESP | ||
| 082 | |a 340. 9 |b SEM 1998 | ||
| 111 | |a Seminario Nacional de Derecho Internacional Privado y Comparado ( |n 19° : |d 1998 : |c Universidad de Guanajuato) | ||
| 245 | 1 | 0 | |a XIX [i.e. Décimo noveno] Seminario Nacional de Derecho Internacional Privado y Comparado / |c Coord. editorial de A. Sámano Domínguez ; presen. de M. Vidaurri Aréchiga. |
| 264 | 4 | |a Guanajuato, México : |b Universidad de Guanajuato, Facultad de Derecho, |c 1998, c1998 | |
| 300 | |a 478 p. | ||
| 336 | |a texto |b txt |2 rdacontenido | ||
| 337 | |a sin mediación |b n |2 rdamedio | ||
| 338 | |a volumen |b nc |2 rdasoporte | ||
| 649 | |a XX | ||
| 650 | |a Derecho Internacional Privado - |x Congresos - |x Tema Principal | ||
| 650 | |a Derecho Comparado - |x Congresos | ||
| 650 | |a Ciudadanía | ||
| 650 | |a Naturalización | ||
| 650 | |a Derecho Internacional | ||
| 700 | |a Sámano Domínguez, Adriana |e (coordinación editorial) | ||
| 700 | |a Vidaurri Aréchiga, Manuel |e (presentación) | ||
| 910 | |a Fondo General | ||
| 920 | |a Impresos - Libros | ||
| 930 | |a Colección General | ||
| 905 | |a 101 | ||
| 901 | |a 0500046943 |b IT1 |c ACC |u 20250521 | ||
| 902 | |a https://opac.biblio.iteso.mx/vufind/Record/000113364 | ||